Lucknow, fire of grace : (Record no. 328957)

000 -LEADER
fixed length control field 01112nam a2200325 a 4500
001 - CONTROL NUMBER
control field 1210910
003 - CONTROL NUMBER IDENTIFIER
control field Nust
005 - DATE AND TIME OF LATEST TRANSACTION
control field 20170419185355.0
008 - FIXED-LENGTH DATA ELEMENTS--GENERAL INFORMATION
fixed length control field 981127s1998 ii ab b 001 0 eng
010 ## - LIBRARY OF CONGRESS CONTROL NUMBER
LC control number 98908915
020 ## - INTERNATIONAL STANDARD BOOK NUMBER
International Standard Book Number 9788129104854
025 ## - OVERSEAS ACQUISITION NUMBER
Overseas acquisition number I-E-98-908915; 56-31
037 ## - SOURCE OF ACQUISITION
Source of stock number/acquisition Library of Congress -- New Delhi Field Office
Terms of availability Rs395.00
040 ## - CATALOGING SOURCE
Original cataloging agency DLC
Transcribing agency DLC
042 ## - AUTHENTICATION CODE
Authentication code lcode
043 ## - GEOGRAPHIC AREA CODE
Geographic area code a-ii---
050 00 - LIBRARY OF CONGRESS CALL NUMBER
Classification number DS486.L9
Item number M57 1998
082 00 - DEWEY DECIMAL CLASSIFICATION NUMBER
Classification number 954.2
Author Mark MIS
100 1# - MAIN ENTRY--PERSONAL NAME
Personal name Misra, Amaresh.
245 10 - TITLE STATEMENT
Title Lucknow, fire of grace :
Remainder of title the story of its revolution, renaissance and the aftermath /
Statement of responsibility, etc. Amaresh Misra.
260 ## - PUBLICATION, DISTRIBUTION, ETC.
Place of publication, distribution, etc. New Delhi :
Name of publisher, distributor, etc. HarperCollins Publishers India,
Date of publication, distribution, etc. 1998.
300 ## - PHYSICAL DESCRIPTION
Extent xix, 369 p. :
Other physical details col. ill., maps ;
Dimensions 22 cm.
504 ## - BIBLIOGRAPHY, ETC. NOTE
Bibliography, etc. note Includes bibliographical references (p. [338]-339) and index.
651 #0 - SUBJECT ADDED ENTRY--GEOGRAPHIC NAME
Geographic name Lucknow (India)
General subdivision Civilization.
651 #0 - SUBJECT ADDED ENTRY--GEOGRAPHIC NAME
Geographic name Lucknow (India)
General subdivision History.
906 ## - LOCAL DATA ELEMENT F, LDF (RLIN)
a 7
b cbc
c origode
d 3
e ncip
f 19
g y-gencatlg
942 ## - ADDED ENTRY ELEMENTS (KOHA)
Source of classification or shelving scheme
Koha item type Book
Holdings
Withdrawn status Lost status Source of classification or shelving scheme Damaged status Not for loan Collection code Permanent Location Current Location Shelving location Date acquired Total Checkouts Full call number Barcode Date last seen Copy number Price effective from Koha item type
            Central Library (CL) Central Library (CL) Book Cart 04/19/2017   954.2 MIS CL2652 04/19/2017 1 04/19/2017 Book
© 2023 Central Library, National University of Sciences and Technology. All Rights Reserved.